[Event "BIH-chT1"]
[Site "Dvorovi"]
[Date "2016.08.13"]
[Round "8"]
[White "Stojanovic, Momcilo"]
[Black "Djuric, Zoran"]
[Result "0-1"]
[WhiteElo "1956"]
[BlackElo "2228"]
[PlyCount "52"]
[EventDate "2016.08.06"]
[EventType "team-tourn"]
[EventRounds "9"]
[EventCountry "BIH"]
[SourceTitle "CBM 174 Extra"]
[Source "ChessBase"]
[SourceDate "2016.10.10"]
[SourceVersion "1"]
[SourceVersionDate "2016.10.10"]
[SourceQuality "1"]

1. d4 d5 2. Bf4 Bf5 3. c3 c6 4. Nd2 Nd7 5. Ngf3 h6 6. e3 Ngf6 7. Ne5 g5 8. Bg3 Bg7 9. Ndf3 Ne4 10. Nxd7 Qxd7 11. Bd3 f6 12. Bxe4 Bxe4 13. 0-0 h5 14. h3 h4 15. Bh2 g4 16. hxg4 Qxg4 17. Ne1 Qg6 18. f3 Bf5 19. Rf2 Kf7 20. Qb3 b6 21. e4 Be6 22. e5 Bh6 23. f4 h3 24. Nf3 Qh5 25. gxh3 Bxh3 26. Bg3 Rag8 0-1

[Event "BIH-chT1"]
[Site "Dvorovi"]
[Date "2016.08.09"]
[Round "4"]
[White "Kostic, Vladimir G"]
[Black "Stojanovic, Momcilo"]
[Result "1/2-1/2"]
[WhiteElo "2345"]
[BlackElo "1956"]
[PlyCount "87"]
[EventDate "2016.08.06"]
[EventType "team-tourn"]
[EventRounds "9"]
[EventCountry "BIH"]
[SourceTitle "CBM 174 Extra"]
[Source "ChessBase"]
[SourceDate "2016.10.10"]
[SourceVersion "1"]
[SourceVersionDate "2016.10.10"]
[SourceQuality "1"]

1. e4 c6 2. Nf3 d5 3. exd5 cxd5 4. Ne5 Nf6 5. Bb5+ Bd7 6. Nxd7 Nbxd7 7. d4 e6 8. 0-0 Be7 9. c3 0-0 10. Re1 Qc7 11. Nd2 Bd6 12. h3 a6 13. Bd3 e5 14. dxe5 Nxe5 15. Bc2 Rfe8 16. Nf1 h6 17. Ne3 Nc4 18. Re2 Re7 19. Bd3 Rae8 20. Rb1 Bc5 21. Bxc4 dxc4 22. Bd2 Ne4 23. Qe1 Nxd2 24. Qxd2 Bxe3 25. Rxe3 Rxe3 26. fxe3 Qe5 27. Re1 Qe6 28. Qd4 b5 29. e4 Re7 30. Qf2 Qe5 31. Qd4 f5 32. Qxe5 Rxe5 33. Kf2 fxe4 34. Ke3 Kf7 35. Kd4 Ke6 36. Rxe4 Rxe4+ 37. Kxe4 g6 38. h4 Kf6 39. Kf4 Ke6 40. g4 Kd5 41. h5 gxh5 42. gxh5 Ke6 43. Ke4 Kf6 44. Kf4 1/2-1/2